000 00533nac a22001691u 4500
008 100908t2004 ii |||||r|||| 001 0 eng d
020 _a8121923530
020 _a9788121923538
082 _a624.18341
_bSYA
_222
100 _aSyal, I. C.
_918732
245 _aReinforced Concrete Stuctures /
_cI. C. Syal, A. K. Goel.
260 _aNew Delhi :
_bSchand & Company Ltd,
_c2004.
300 _a743 P. :
_bill.;
_c24 cm.
650 _aReinforced concrete construction.
_918733
700 _aGoel, A. K.
_918734
942 _cBB
_k624.18341SYA
_2ddc
999 _c965
_d965